| 000 | 00833nam a2200241Ia 4500 | ||
|---|---|---|---|
| 003 | OSt | ||
| 005 | 20251202114934.0 | ||
| 008 | 210716s2011 xx 000 0 und d | ||
| 020 | _a9788184898941 | ||
| 040 | _cAIMIT LIBRARY | ||
| 041 | _aeng | ||
| 082 |
_a006.32 _21 _bLIVD |
||
| 100 |
_aLivingstone; David J. _9247272 |
||
| 245 |
_aArtificial neural networks : _bmethods and applications / _cEdited by David J Livingstone. |
||
| 250 | _a1st ed. | ||
| 260 |
_aNew Delhi : _bSpringer , _c2011. |
||
| 300 |
_aix,254p. ; _bPB _c23.3 cm |
||
| 650 |
_aOverview of artificial neural networks _9247273 |
||
| 650 |
_aArtificial neural network modeling in environmental toxicology _9247274 |
||
| 650 |
_aNeural networks in building QSAR models _9247275 |
||
| 700 |
_aLivingstone; David J. _9247272 |
||
| 942 |
_2ddc _cBK _e1st _k006.32 LIVD |
||
| 999 |
_c194460 _d194460 |
||